| 000 | 01363nam a22003497a 4500 | ||
|---|---|---|---|
| 003 | DO-SdBNP | ||
| 005 | 20240503073632.0 | ||
| 007 | ta | ||
| 008 | 100322s2006 dr a 001 0 spa d | ||
| 020 | _a9945429019 | ||
| 040 |
_aDO-SdBNP _bspa _cDO-SdBNP _erda |
||
| 049 | _a | ||
| 082 | 4 |
_a863.3 _bC419d 2006 _222 |
|
| 100 | 1 |
_aCervantes Saavedra, Miguel de, _d1547-1616 _93070 |
|
| 245 | 1 | 0 |
_aDon Quijote de La Mancha / _cMiguel de Cervantes Saavedra ; prologo de Josefina Aldecoa ; adaptación, selección y notas Nieves Sánchez Mendieta; ilustración, Constanza Bravo. |
| 264 |
_aMadrid : _bSantillana, _c2006, (4a reimpresión, 2012) |
||
| 300 |
_a301 páginas : _b ilustraciones ; _c22 cm. |
||
| 336 |
_2rdacontent _atexto _btxt |
||
| 337 |
_2rdamedia _asin mediación _bn |
||
| 338 |
_2rdacarrier _avolumen _bnc |
||
| 490 | _aAlfaguara infantil | ||
| 500 | _aLa biblioteca posee la cuarta reimpresión del 2012. | ||
| 590 | _aInventariado 2023 / BT | ||
| 600 | 1 | 4 |
_aCervantes Saavedra, Miguel de, _d1547-1616. _976856 |
| 650 | 4 |
_aNovela española _91123 _2Lemb |
|
| 650 | 4 |
_aLiteratura española _9632 _2Lemb |
|
| 700 | 1 |
_aAdecoa, Josefina, _937950 _eprólogo |
|
| 700 | 1 |
_aSánchez Mendieta, Nieves, _eadaptación _973150 |
|
| 700 | 1 |
_aBravo, Constanza, _eilustración _983345 |
|
| 910 | _aBT/Validado. Control de calidad MFF | ||
| 942 |
_2ddc _cLBS1 |
||
| 999 |
_c53452 _d53452 |
||